000 00500nam a2200157Ia 4500
008 160316s2000 xxu||||| |||| 00| 0 eng d
082 _a372.100000
_bWAZ
100 _aWazir Rekha
245 _aThe gender gap in basic education : NGOs as change agents
250 _a
260 _aNew Delhi
_bSage Publications
_c2000
300 _a286p
_b
_c
365 _bRs.395
650 _a1. Elementary Education - Women - India 2. Education - Wom,en - NGO's Influence 3. Women Education India
700 _a
_a
999 _c15406
_d15406